[Event "Ukrainian Women's Championship"]
[Site "Odessa"]
[Date "2006.11.27"]
[Round "2"]
[White "Arutyunova, Diana"]
[Black "Dolzhikova, Kateryna"]
[Result "0-1"]
[WhiteElo "2362"]
[BlackElo "2324"]
[PlyCount "124"]
[EventDate "2006.11.26"]
[EventType "tourn"]
[EventRounds "11"]
[EventCountry "UKR"]

1. e4 e6 2. d4 d5 3. Nc3 Bb4 4. e5 c5 5. a3 Bxc3+ 6. bxc3 Ne7 7. Qg4 O-O 8. Bd3
f5 9. exf6 Rxf6 10. Bg5 e5 11. Qg3 Re6 12. dxe5 Nbc6 13. Nf3 c4 14. Bf6 Qf8 15.
Bxh7+ Kxh7 16. Ng5+ Kg8 17. Qh4 Qxf6 18. Qh7+ Kf8 19. Qh8+ Ng8 20. Nh7+ Kf7 21.
Nxf6 Rxe5+ 22. Ne4 Rxe4+ 23. Kd2 Nh6 24. Rae1 Rb8 25. Rxe4 dxe4 26. Rb1 b6 27.
Ke3 Bf5 28. Qxb8 Nxb8 29. Kd4 Ng4 30. h3 Nc6+ 31. Kd5 Nge5 32. Kd6 g5 33. Rb5
Kf6 34. Rd5 Nd8 35. Kc7 Ne6+ 36. Kb8 e3 37. fxe3 Be4 38. Rd2 Nc6+ 39. Kc8 Ke5
40. g3 Ne7+ 41. Kb8 a5 42. Ka7 Nd5 43. Rh2 a4 44. g4 b5 45. Ka6 Nxc3 46. Ka5
Nb1 47. Kxb5 Nxa3+ 48. Kxa4 Nxc2 49. h4 Nxe3 50. hxg5 c3 51. Kb3 c2 52. Kb2 Nc5
53. Rxc2 Bxc2 54. Kc3 Bg6 55. Kd2 Kd4 56. Ke2 Nxg4 57. Kf3 Ne5+ 58. Kg3 Ke3 59.
Kh3 Kf2 60. Kh4 Ne6 61. Kh3 Nxg5+ 62. Kh4 Ngf3+ 0-1

[Event "Ukrainian Women's Championship"]
[Site "Odessa"]
[Date "2006.11.27"]
[Round "2"]
[White "Breslavska, Galina"]
[Black "Muzychuk, Mariya"]
[Result "1/2-1/2"]
[WhiteElo "2176"]
[BlackElo "2278"]
[PlyCount "59"]
[EventDate "2006.11.26"]
[EventType "tourn"]
[EventRounds "11"]
[EventCountry "UKR"]

1. e4 c5 2. Nf3 e6 3. d4 cxd4 4. Nxd4 a6 5. g3 d5 6. e5 Ne7 7. Bg2 Nbc6 8. Nxc6
Nxc6 9. O-O Nxe5 10. Re1 Bd6 11. Bf4 f6 12. Qh5+ g6 13. Qe2 O-O 14. c4 Nxc4 15.
Bh6 Rf7 16. Nc3 Bf8 17. Bxf8 Rxf8 18. Rad1 Nd6 19. Qd2 Nf7 20. Qd4 Bd7 21. Ne4
Nh6 22. Nc5 Nf5 23. Qd2 Rf7 24. Nxe6 Bxe6 25. Rxe6 d4 26. Re4 Re7 27. Rxe7 Qxe7
28. g4 Nh4 29. Qxd4 Nxg2 30. Kxg2 1/2-1/2

[Event "Ukrainian Women's Championship"]
[Site "Odessa"]
[Date "2006.11.27"]
[Round "2"]
[White "Zdebskaja, Natalia"]
[Black "Gaponenko, Inna"]
[Result "1/2-1/2"]
[WhiteElo "2343"]
[BlackElo "2446"]
[PlyCount "93"]
[EventDate "2006.11.26"]
[EventType "tourn"]
[EventRounds "11"]
[EventCountry "UKR"]

1. e4 e5 2. Nf3 Nc6 3. Nc3 Nf6 4. g3 d5 5. exd5 Nd4 6. Bg2 Bg4 7. h3 Nxf3+ 8.
Bxf3 Bxf3 9. Qxf3 Bb4 10. O-O O-O 11. d3 Bxc3 12. bxc3 Qxd5 13. Qxd5 Nxd5 14.
Ba3 Rfe8 15. c4 Nf6 16. Rfe1 Nd7 17. Re2 Re6 18. Bb2 Rae8 19. Rae1 c5 20. f3 g6
21. g4 g5 22. h4 h6 23. hxg5 hxg5 24. Rh2 Nf8 25. Bc1 f6 26. Be3 b6 27. Kf2
R6e7 28. Rh6 Rf7 29. Reh1 Rh7 30. Rxh7 Nxh7 31. a4 a5 32. Rb1 Re6 33. c3 Rc6
34. Rc1 Nf8 35. d4 cxd4 36. cxd4 exd4 37. Bxd4 Ne6 38. Be3 Kf7 39. Ke2 Kg6 40.
Kd3 f5 41. Rb1 fxg4 42. fxg4 Nf4+ 43. Bxf4 gxf4 44. Rb5 Rf6 45. Ke2 Rc6 46. Kd3
Rf6 47. Ke2 1/2-1/2

[Event "Ukrainian Women's Championship"]
[Site "Odessa"]
[Date "2006.11.27"]
[Round "2"]
[White "Kalinina, Olga"]
[Black "Vozovic, Oksana"]
[Result "0-1"]
[WhiteElo "2191"]
[BlackElo "2352"]
[PlyCount "110"]
[EventDate "2006.11.26"]
[EventType "tourn"]
[EventRounds "11"]
[EventCountry "UKR"]

1. e4 g6 2. d4 Bg7 3. Nc3 c6 4. Nf3 b5 5. Bd3 d6 6. h3 Nf6 7. Be3 O-O 8. Qd2
Nbd7 9. O-O e5 10. a3 a6 11. Bg5 Qc7 12. Rfe1 Bb7 13. Bf1 Rfe8 14. Rad1 Rad8
15. d5 Nb6 16. dxc6 Bxc6 17. Qc1 Rd7 18. Bh6 d5 19. Bxg7 Kxg7 20. exd5 Nbxd5
21. Nxd5 Bxd5 22. Nh4 h6 23. Rd3 Nh5 24. g3 e4 25. Rde3 Rde7 26. b3 Kh7 27. Ng2
f5 28. c4 bxc4 29. bxc4 Bc6 30. Be2 f4 31. gxf4 Nxf4 32. Qc3 Rf7 33. Bf1 Ref8
34. Nxf4 Qxf4 35. R1e2 Rd8 36. Rd2 Qg5+ 37. Bg2 Rd3 38. Rdxd3 exd3 39. Rg3 d2
40. Qc2 Rd7 41. Bd5 Bxd5 42. cxd5 Rxd5 43. Qc7+ Kh8 44. Qc3+ Kg8 45. Qc8+ Kf7
46. Qc7+ Kf8 47. Qb8+ Ke7 48. Qb7+ Rd7 49. Qe4+ Kf7 50. Qf3+ Kg7 51. Qd1 Qf4
52. Rg4 Qe5 53. Kh1 Qe1+ 54. Rg1 Re7 55. Qc2 Qe4+ 0-1

[Event "Ukrainian Women's Championship"]
[Site "Odessa"]
[Date "2006.11.27"]
[Round "2"]
[White "Zhukova, Natalia"]
[Black "Vasilevich, Tatjana"]
[Result "1-0"]
[WhiteElo "2456"]
[BlackElo "2396"]
[PlyCount "85"]
[EventDate "2006.11.26"]
[EventType "tourn"]
[EventRounds "11"]
[EventCountry "UKR"]

1. d4 Nf6 2. Nf3 e6 3. c4 d5 4. Nc3 dxc4 5. e4 Bb4 6. Bg5 b5 7. a4 c6 8. e5 h6
9. exf6 hxg5 10. fxg7 Rg8 11. g3 Bb7 12. Bg2 c5 13. O-O g4 14. Nh4 Bxg2 15.
Nxg2 cxd4 16. Nxb5 Nc6 17. Qxg4 Rc8 18. Nf4 a6 19. Nh5 axb5 20. axb5 Na5 21.
Ra4 Be7 22. Qe4 Qb6 23. Qh7 Kd7 24. Rfa1 Nb7 25. Rxc4 Rxg7 26. Qxg7 Rxc4 27.
Qxf7 Qc5 28. Nf6+ Kc7 29. Ne4 Qb4 30. Qxe6 Na5 31. Rxa5 Rc1+ 32. Kg2 Qxa5 33.
Qxe7+ Kb8 34. Qd6+ Kc8 35. Qxd4 Qe1 36. Nd6+ Kd7 37. Nf5+ Ke6 38. Ne3 Qg1+ 39.
Kf3 Qxh2 40. Qd5+ Ke7 41. Nf5+ Kf6 42. Qd6+ Kxf5 43. g4+ 1-0

[Event "Ukrainian Women's Championship"]
[Site "Odessa"]
[Date "2006.11.27"]
[Round "2"]
[White "Ivanova, Svetlana"]
[Black "Ushenina, Anna"]
[Result "0-1"]
[WhiteElo "2228"]
[BlackElo "2430"]
[PlyCount "100"]
[EventDate "2006.11.26"]
[EventType "tourn"]
[EventRounds "11"]
[EventCountry "UKR"]

1. e4 c5 2. Nf3 e6 3. d4 cxd4 4. Nxd4 a6 5. Nc3 Qc7 6. Bd3 Nf6 7. O-O b5 8. Kh1
Bb7 9. a3 Nc6 10. Be3 Ne5 11. f4 Nc4 12. Bxc4 Qxc4 13. Qd3 Rc8 14. Bg1 d6 15.
Rfe1 Be7 16. Nb3 Qc7 17. Rad1 O-O 18. Nd4 Rfe8 19. Qg3 Bf8 20. Nf3 e5 21. f5
Bc6 22. Rd2 Qb8 23. Rde2 b4 24. axb4 Qxb4 25. Nd2 Nh5 26. Qe3 Nf4 27. Rf2 d5
28. Qg3 d4 29. Nd1 Nh5 30. Qh3 Nf6 31. c3 dxc3 32. bxc3 Qb7 33. Rfe2 Bb5 34.
Re3 Rcd8 35. Nf3 Bc5 36. Nf2 Bxe3 37. Rxe3 Bc6 38. Re1 a5 39. Ng4 Nxg4 40. Qxg4
f6 41. h4 a4 42. Bc5 Ra8 43. Nd2 a3 44. Bb4 a2 45. Ra1 Red8 46. Qe2 Qa6 47. c4
Qa4 48. Bc3 Qc2 49. Qe3 Rd3 50. Qc5 Qxc3 0-1

[Event "Ukrainian Women's Championship"]
[Site "Odessa"]
[Date "2006.11.28"]
[Round "3"]
[White "Ushenina, Anna"]
[Black "Arutyunova, Diana"]
[Result "1-0"]
[WhiteElo "2430"]
[BlackElo "2362"]
[PlyCount "117"]
[EventDate "2006.11.26"]
[EventType "tourn"]
[EventRounds "11"]
[EventCountry "UKR"]

1. d4 Nf6 2. c4 e6 3. Nf3 Bb4+ 4. Nbd2 O-O 5. a3 Be7 6. e4 d5 7. e5 Nfd7 8. b4
dxc4 9. Bxc4 a5 10. b5 a4 11. O-O c6 12. Ne4 Nb6 13. Bd3 cxb5 14. Bg5 f6 15.
exf6 gxf6 16. Bh6 Rf7 17. Re1 Nc4 18. Qe2 Nd7 19. Nc3 Nxa3 20. Qe4 b4 21. Qg4+
Kh8 22. Qh5 Qg8 23. Ne2 Bf8 24. Bxf8 Nxf8 25. Qc5 b5 26. Qxb4 Bb7 27. Ng3 Nc4
28. Qxb5 Ba6 29. Qc6 Raa7 30. Bxc4 Rfc7 31. Bxe6 Rxc6 32. Bxg8 Kxg8 33. Rxa4
Rac7 34. Nf5 Re6 35. Ne3 Bb7 36. d5 Ra6 37. Rxa6 Bxa6 38. h3 Bb7 39. Nd4 Rd7
40. Ndf5 Ng6 41. d6 Nf4 42. f3 Kf7 43. Nc4 Nd5 44. Na5 Ba6 45. Rd1 Ke6 46. g4
Nf4 47. Nb3 Ne2+ 48. Kf2 Nc3 49. Nc5+ Kf7 50. Ra1 Bc8 51. Nxd7 Bxd7 52. Re1 Nd5
53. Ne3 Nf4 54. Kg3 Nd3 55. Rf1 Ne5 56. Nd5 Nc4 57. Re1 Ne5 58. f4 Nc6 59. Nb6
1-0

[Event "Ukrainian Women's Championship"]
[Site "Odessa"]
[Date "2006.11.28"]
[Round "3"]
[White "Vasilevich, Tatjana"]
[Black "Ivanova, Svetlana"]
[Result "1-0"]
[WhiteElo "2396"]
[BlackElo "2228"]
[PlyCount "109"]
[EventDate "2006.11.26"]
[EventType "tourn"]
[EventRounds "11"]
[EventCountry "UKR"]

1. d4 d5 2. c4 e6 3. Nf3 Nf6 4. g3 dxc4 5. Qa4+ c6 6. Qxc4 b5 7. Qc2 Bb7 8. Bg2
Nbd7 9. a4 a6 10. Bg5 Qb6 11. O-O c5 12. axb5 cxd4 13. bxa6 Rxa6 14. Nbd2 Bc5
15. Nc4 Qa7 16. Rxa6 Qxa6 17. Nce5 Be4 18. Qc1 Qb6 19. Nxd7 Nxd7 20. Nxd4 Bxg2
21. Kxg2 O-O 22. Nf3 h6 23. Bf4 Nf6 24. Ne5 Bd4 25. Nd3 Qb7+ 26. Kg1 Rc8 27.
Qb1 Qe4 28. Re1 g5 29. Bd2 Qg4 30. Kg2 e5 31. e3 e4 32. exd4 Qf3+ 33. Kg1 Qxd3
34. Qxd3 exd3 35. Re3 Rc2 36. Rxd3 Rxb2 37. Be3 Nd5 38. Ra3 Rb5 39. g4 Kg7 40.
Kg2 Kg6 41. Ra6+ f6 42. Kf3 h5 43. h3 h4 44. Rc6 Rb2 45. Ke4 Nf4 46. Bxf4 gxf4
47. f3 Rh2 48. Kxf4 Kf7 49. Kf5 Rxh3 50. Rxf6+ Kg7 51. Rg6+ Kf7 52. f4 Re3 53.
Rh6 h3 54. g5 Kg7 55. d5 1-0

[Event "Ukrainian Women's Championship"]
[Site "Odessa"]
[Date "2006.11.28"]
[Round "3"]
[White "Gaponenko, Inna"]
[Black "Kalinina, Olga"]
[Result "0-1"]
[WhiteElo "2448"]
[BlackElo "2191"]
[PlyCount "98"]
[EventDate "2006.11.26"]
[EventType "tourn"]
[EventRounds "11"]
[EventCountry "UKR"]

1. e4 c5 2. Nf3 e6 3. c4 a6 4. Nc3 d6 5. d4 cxd4 6. Nxd4 Qc7 7. Be2 Nf6 8. O-O
b6 9. Be3 Bb7 10. f3 Nbd7 11. Qd2 Be7 12. Rfc1 O-O 13. a4 Rac8 14. a5 Qb8 15.
axb6 Nxb6 16. Nxe6 fxe6 17. Bxb6 Bxe4 18. Qe3 Bf5 19. g4 Bg6 20. Rxa6 e5 21. g5
Nh5 22. Nd5 Rce8 23. c5 Nf4 24. Nxe7+ Rxe7 25. cxd6 Rb7 26. Bc7 Qc8 27. Bc4+
Bf7 28. Qxe5 Bxc4 29. Rxc4 Nh3+ 30. Kg2 Nxg5 31. Qxg5 Rxb2+ 32. Kg3 Qxa6 33.
Rg4 Rxf3+ 34. Kxf3 Qe2+ 35. Kf4 Rb4+ 36. Kf5 Rb5+ 37. Kf4 Qd2+ 38. Ke4 Rxg5 39.
Rxg5 Qxg5 40. h4 Qg4+ 41. Kd5 Qd7 42. Bb6 Kf7 43. Bd4 Ke8 44. Be5 Qb5+ 45. Ke6
Qb3+ 46. Kf5 g6+ 47. Kg5 Qe6 48. Bg3 Qf5+ 49. Kh6 Kf7 0-1

[Event "Ukrainian Women's Championship"]
[Site "Odessa"]
[Date "2006.11.28"]
[Round "3"]
[White "Muzychuk, Mariya"]
[Black "Zdebskaja, Natalia"]
[Result "1-0"]
[WhiteElo "2278"]
[BlackElo "2343"]
[PlyCount "67"]
[EventDate "2006.11.26"]
[EventType "tourn"]
[EventRounds "11"]
[EventCountry "UKR"]

1. e4 c6 2. d4 d5 3. e5 Bf5 4. Nc3 e6 5. g4 Bg6 6. Nge2 Ne7 7. Nf4 c5 8. dxc5
Nec6 9. h4 Qc7 10. h5 Qxe5+ 11. Nfe2 Be4 12. Rh3 h6 13. Be3 Na6 14. Qd2 Bxc5
15. O-O-O O-O-O 16. Bf4 Qf6 17. g5 Qe7 18. gxh6 gxh6 19. Ng3 Nc7 20. Bxh6 Bb4
21. Ngxe4 dxe4 22. Qg5 Bxc3 23. Rxd8+ Qxd8 24. bxc3 Qd6 25. Kb2 Rd8 26. Bg7 Qd1
27. Qc1 Qg4 28. h6 Qg6 29. Rg3 Qh5 30. Bf6 Re8 31. Qg5 Qd1 32. Rg1 Nd5 33. h7
e5 34. Bh3+ 1-0

[Event "Ukrainian Women's Championship"]
[Site "Odessa"]
[Date "2006.11.29"]
[Round "4"]
[White "Arutyunova, Diana"]
[Black "Breslavska, Galina"]
[Result "1-0"]
[WhiteElo "2362"]
[BlackElo "2176"]
[PlyCount "99"]
[EventDate "2006.11.26"]
[EventType "tourn"]
[EventRounds "11"]
[EventCountry "UKR"]

1. e4 c5 2. Nf3 d6 3. d4 cxd4 4. Nxd4 Nf6 5. Nc3 a6 6. Bg5 e6 7. f4 Nbd7 8. Qf3
Qc7 9. O-O-O Be7 10. Bd3 b5 11. Rhe1 Bb7 12. Nd5 Nxd5 13. exd5 Bxg5 14. Rxe6+
Be7 15. Rde1 Ne5 16. Rxe7+ Qxe7 17. fxe5 O-O-O 18. Qg4+ Kb8 19. Nf5 Qc7 20.
Nxd6 Qa5 21. b4 Qa3+ 22. Kd2 a5 23. Nxf7 axb4 24. Nxh8 Qc3+ 25. Ke2 Qxe5+ 26.
Qe4 Qxd5 27. Qxd5 Bxd5 28. Rb1 Rxh8 29. Rxb4 Bxa2 30. Rxb5+ Kc7 31. c4 Ra8 32.
Kd2 Ra4 33. Kc3 Ra3+ 34. Kd4 h6 35. Be4 Rb3 36. Rxb3 Bxb3 37. Bd5 Kd7 38. Ke5
Ke7 39. c5 Ba4 40. c6 Bb5 41. Kf5 Bd3+ 42. Be4 g6+ 43. Ke5 Bf1 44. g3 Bb5 45.
Kd5 g5 46. Bf5 h5 47. c7 Ba6 48. c8=Q Bxc8 49. Bxc8 h4 50. Ke5 1-0

[Event "Ukrainian Women's Championship"]
[Site "Odessa"]
[Date "2006.11.29"]
[Round "4"]
[White "Zdebskaja, Natalia"]
[Black "Dolzhikova, Kateryna"]
[Result "1/2-1/2"]
[WhiteElo "2343"]
[BlackElo "2324"]
[PlyCount "67"]
[EventDate "2006.11.26"]
[EventType "tourn"]
[EventRounds "11"]
[EventCountry "UKR"]

1. e4 e6 2. d4 d5 3. Nc3 Bb4 4. e5 c5 5. a3 Bxc3+ 6. bxc3 Ne7 7. Nf3 Qc7 8. a4
Nbc6 9. Be2 cxd4 10. cxd4 Nb4 11. O-O Qxc2 12. Qe1 a5 13. Ba3 Bd7 14. Bb5 Bxb5
15. axb5 Nd3 16. Qd1 Qxd1 17. Rfxd1 Nf4 18. g3 Nfg6 19. h4 h5 20. Ng5 O-O 21.
Bc5 Rfc8 22. Ra4 Nf5 23. Bb6 Nf8 24. Rxa5 Nd7 25. Rxa8 Rxa8 26. Bc5 Nxc5 27.
dxc5 Rc8 28. Ra1 Nd4 29. Ra7 f6 30. exf6 gxf6 31. c6 b6 32. Nh7 Nxb5 33. Nxf6+
Kf8 34. Nh7+ 1/2-1/2

[Event "Ukrainian Women's Championship"]
[Site "Odessa"]
[Date "2006.11.29"]
[Round "4"]
[White "Kalinina, Olga"]
[Black "Muzychuk, Mariya"]
[Result "0-1"]
[WhiteElo "2191"]
[BlackElo "2278"]
[PlyCount "116"]
[EventDate "2006.11.26"]
[EventType "tourn"]
[EventRounds "11"]
[EventCountry "UKR"]

1. e4 c5 2. Nf3 a6 3. c4 e6 4. Nc3 Nc6 5. d4 cxd4 6. Nxd4 Nf6 7. Nxc6 dxc6 8.
Qxd8+ Kxd8 9. e5 Nd7 10. Bf4 Bb4 11. Rc1 f6 12. exf6 gxf6 13. a3 Be7 14. Bd3 f5
15. Bg3 Rf8 16. f4 Kc7 17. O-O Nf6 18. Na4 c5 19. Be1 b6 20. Bc3 Bd7 21. b3 Bc6
22. Rfe1 Ne4 23. Be5+ Kb7 24. Nc3 Nd2 25. Rc2 Nxb3 26. Rb2 Rad8 27. Bf1 Nd2 28.
a4 Rg8 29. a5 Nf3+ 30. Kf2 Rd2+ 31. Re2 Rxb2 32. Rxb2 Nxe5 33. Rxb6+ Ka7 34.
fxe5 Rc8 35. Ne2 Bd8 36. Rb3 Bxa5 37. Rh3 Rc7 38. Nf4 Re7 39. Ke3 Bc3 40. Nd3
Bd4+ 41. Kf4 Rg7 42. Be2 a5 43. Rh6 Bd7 44. Rf6 a4 45. Bf3 a3 46. Nc1 Bc3 47.
Ke3 Bxe5 48. Rf8 Bb8 49. g3 e5 50. Bd1 f4+ 51. gxf4 exf4+ 52. Kd3 Bc6 53. Kc3
Rg1 54. Rf7+ Kb6 55. Kd2 Rg2+ 56. Kd3 a2 57. Nb3 Rxh2 58. Rf6 Rh3+ 0-1

[Event "Ukrainian Women's Championship"]
[Site "Odessa"]
[Date "2006.11.29"]
[Round "4"]
[White "Zhukova, Natalia"]
[Black "Gaponenko, Inna"]
[Result "1/2-1/2"]
[WhiteElo "2456"]
[BlackElo "2448"]
[PlyCount "90"]
[EventDate "2006.11.26"]
[EventType "tourn"]
[EventRounds "11"]
[EventCountry "UKR"]

1. d4 Nf6 2. c4 e6 3. Nf3 Bb4+ 4. Nbd2 d6 5. g3 Nc6 6. Bg2 a5 7. O-O e5 8. a3
Bxd2 9. Qxd2 e4 10. Ng5 d5 11. cxd5 Qxd5 12. Qe3 Bf5 13. f3 Qxd4 14. Qxd4 Nxd4
15. fxe4 Be6 16. Nxe6 fxe6 17. Bg5 Nxe2+ 18. Kh1 O-O 19. e5 Nd5 20. Rad1 h6 21.
Bd2 Rxf1+ 22. Bxf1 Nd4 23. Bh3 Nf5 24. Bxf5 exf5 25. Bxh6 c6 26. Bf4 Rd8 27.
Be3 Re8 28. Bd4 Kf7 29. Rc1 Ke6 30. a4 Kd7 31. e6+ Rxe6 32. Bxg7 Re2 33. h4 f4
34. gxf4 Nxf4 35. Rf1 Re4 36. Bc3 Rxa4 37. Bxa5 Ng6 38. b4 Nxh4 39. Rf7+ Ke6
40. Rxb7 Nf3 41. Kg2 Nd4 42. Rb8 Kd5 43. Bd8 Kc4 44. Be7 Nc2 45. Rb6 Nxb4
1/2-1/2

[Event "Ukrainian Women's Championship"]
[Site "Odessa"]
[Date "2006.11.29"]
[Round "4"]
[White "Ivanova, Svetlana"]
[Black "Vozovic, Oksana"]
[Result "1/2-1/2"]
[WhiteElo "2228"]
[BlackElo "2352"]
[PlyCount "40"]
[EventDate "2006.11.26"]
[EventType "tourn"]
[EventRounds "11"]
[EventCountry "UKR"]

1. e4 g6 2. d4 Bg7 3. Nc3 d6 4. h3 Nf6 5. Nf3 O-O 6. Be3 a6 7. a4 Nc6 8. Bc4 e6
9. Bb3 Ne7 10. O-O b6 11. Bf4 Bb7 12. Re1 d5 13. exd5 Nexd5 14. Nxd5 Nxd5 15.
Bg3 Rc8 16. c3 c5 17. dxc5 bxc5 18. Qe2 Qb6 19. Bc4 Qc6 20. a5 Rfd8 1/2-1/2

[Event "Ukrainian Women's Championship"]
[Site "Odessa"]
[Date "2006.11.29"]
[Round "4"]
[White "Ushenina, Anna"]
[Black "Vasilevich, Tatjana"]
[Result "1/2-1/2"]
[WhiteElo "2430"]
[BlackElo "2396"]
[PlyCount "30"]
[EventDate "2006.11.26"]
[EventType "tourn"]
[EventRounds "11"]
[EventCountry "UKR"]

1. d4 Nf6 2. c4 e6 3. Nc3 Bb4 4. Qc2 d5 5. cxd5 exd5 6. Bg5 h6 7. Bh4 c5 8.
dxc5 g5 9. Bg3 Nc6 10. e3 Qa5 11. Nge2 Ne4 12. a3 Bf5 13. Qc1 Bxc3+ 14. Nxc3 d4
15. exd4 Nxd4 1/2-1/2

[Event "Ukrainian Women's Championship"]
[Site "Odessa"]
[Date "2006.11.30"]
[Round "5"]
[White "Vasilevich, Tatjana"]
[Black "Arutyunova, Diana"]
[Result "1/2-1/2"]
[WhiteElo "2396"]
[BlackElo "2362"]
[PlyCount "47"]
[EventDate "2006.11.26"]
[EventType "tourn"]
[EventRounds "11"]
[EventCountry "UKR"]

1. d4 Nf6 2. c4 e6 3. Nc3 Bb4 4. e3 O-O 5. Bd3 c5 6. Nge2 d5 7. O-O cxd4 8.
exd4 Nc6 9. Bg5 dxc4 10. Bxc4 Be7 11. Rc1 Nd5 12. Bxe7 Ndxe7 13. a3 b6 14. Qd3
Bb7 15. Rfd1 Nf5 16. Ba2 Qg5 17. Ne4 Qg6 18. d5 exd5 19. Bxd5 Nfe7 20. Nf4 Qg4
21. Qg3 Qxg3 22. hxg3 Nxd5 23. Nxd5 Rfd8 24. Nc7 1/2-1/2

[Event "Ukrainian Women's Championship"]
[Site "Odessa"]
[Date "2006.11.30"]
[Round "5"]
[White "Vozovic, Oksana"]
[Black "Ushenina, Anna"]
[Result "1/2-1/2"]
[WhiteElo "2352"]
[BlackElo "2430"]
[PlyCount "29"]
[EventDate "2006.11.26"]
[EventType "tourn"]
[EventRounds "11"]
[EventCountry "UKR"]

1. e4 c5 2. c3 d5 3. exd5 Qxd5 4. d4 g6 5. Be3 cxd4 6. cxd4 Bg7 7. Nc3 Qa5 8.
h3 Nf6 9. Bc4 O-O 10. Nf3 Ne4 11. Rc1 Nd6 12. Bb3 Nf5 13. O-O Nc6 14. Qe2 b6
15. Bc4 1/2-1/2

[Event "Ukrainian Women's Championship"]
[Site "Odessa"]
[Date "2006.11.30"]
[Round "5"]
[White "Gaponenko, Inna"]
[Black "Ivanova, Svetlana"]
[Result "1-0"]
[WhiteElo "2448"]
[BlackElo "2228"]
[PlyCount "80"]
[EventDate "2006.11.26"]
[EventType "tourn"]
[EventRounds "11"]
[EventCountry "UKR"]

1. e4 c5 2. Nf3 Nc6 3. c3 d5 4. exd5 Qxd5 5. d4 e6 6. Na3 Qd8 7. Bf4 Nf6 8.
dxc5 Bxc5 9. Qxd8+ Kxd8 10. Nb5 Ne4 11. Rd1+ Ke7 12. Nbd4 Nxd4 13. Nxd4 Bd7 14.
Bd3 Nf6 15. Bc2 Bb6 16. O-O Rhe8 17. Be5 Ng4 18. Bg3 Nf6 19. Nf3 Kf8 20. Ne5
Red8 21. Nxd7+ Nxd7 22. Bd6+ Ke8 23. Be4 Nc5 24. Bf3 Rd7 25. b4 Na4 26. Be5
Rad8 27. Bxg7 Rd2 28. Rxd2 Rxd2 29. Bxb7 Ke7 30. c4 Rxa2 31. c5 Bc7 32. Ra1
Rxa1+ 33. Bxa1 Kd7 34. Be4 f5 35. Bc2 Nxc5 36. bxc5 Kc6 37. Bd4 Kd5 38. Be3 f4
39. Bb3+ Kc6 40. Bc1 Kxc5 1-0

[Event "Ukrainian Women's Championship"]
[Site "Odessa"]
[Date "2006.11.30"]
[Round "5"]
[White "Muzychuk, Mariya"]
[Black "Zhukova, Natalia"]
[Result "1/2-1/2"]
[WhiteElo "2278"]
[BlackElo "2456"]
[PlyCount "159"]
[EventDate "2006.11.26"]
[EventType "tourn"]
[EventRounds "11"]
[EventCountry "UKR"]

1. e4 c6 2. d4 d5 3. exd5 cxd5 4. Bd3 Nc6 5. c3 Qc7 6. Nf3 Bg4 7. Nbd2 e6 8.
O-O Bd6 9. h3 Bh5 10. Re1 Nf6 11. Nf1 O-O 12. Bg5 Rab8 13. a4 a6 14. Bh4 b5 15.
axb5 axb5 16. Bg3 b4 17. Bxd6 Qxd6 18. Ng3 Bxf3 19. Qxf3 Qc7 20. Ne2 bxc3 21.
bxc3 Rfc8 22. Reb1 h6 23. Rxb8 Rxb8 24. Qf4 Qxf4 25. Nxf4 g5 26. Ne2 Rb2 27.
Kf1 Rd2 28. Bb5 Ne7 29. Ke1 Rb2 30. Bd3 Kg7 31. Rb1 Ra2 32. Nc1 Ra3 33. Kd2 Ng6
34. g3 h5 35. Ne2 h4 36. Ke3 hxg3 37. fxg3 Ra8 38. Rf1 Rh8 39. Ng1 Nh5 40. Kf2
f5 41. Nf3 Kf6 42. Re1 Ng7 43. Kg2 Rc8 44. Rc1 Ne8 45. c4 dxc4 46. Rxc4 Rb8 47.
Rc2 Rd8 48. Re2 Nc7 49. Bc4 g4 50. hxg4 fxg4 51. Ne5 Rxd4 52. Nxg6 Rxc4 53. Ne5
Rd4 54. Kf2 Nb5 55. Nc6 Ra4 56. Kg2 Nd6 57. Ne5 Kf5 58. Nd3 Ne4 59. Nf2 Nc3 60.
Rb2 Ra2 61. Rxa2 Nxa2 62. Nd1 Nb4 63. Ne3+ Kg5 64. Kf2 Nd5 65. Nc4 Kf5 66. Nd6+
Ke5 67. Nf7+ Kd4 68. Nh6 Nf6 69. Ke2 Ke4 70. Nf7 Nh5 71. Kf2 e5 72. Nh6 Nf6 73.
Ke2 Kd5 74. Ke3 e4 75. Ke2 Kd4 76. Nf5+ Ke5 77. Nh6 Kd5 78. Ke3 Kd6 79. Nxg4
Nxg4+ 80. Kxe4 1/2-1/2

[Event "Ukrainian Women's Championship"]
[Site "Odessa"]
[Date "2006.11.30"]
[Round "5"]
[White "Dolzhikova, Kateryna"]
[Black "Kalinina, Olga"]
[Result "0-1"]
[WhiteElo "2324"]
[BlackElo "2191"]
[PlyCount "60"]
[EventDate "2006.11.26"]
[EventType "tourn"]
[EventRounds "11"]
[EventCountry "UKR"]

1. e4 c5 2. Nf3 e6 3. c4 Nc6 4. Nc3 Qb6 5. Rb1 a6 6. d3 Bd6 7. Be3 Qc7 8. d4
cxd4 9. Nxd4 Nge7 10. Qd2 Nxd4 11. Bxd4 O-O 12. g3 f5 13. Bd3 f4 14. Ne2 Ng6
15. b4 b6 16. O-O Be5 17. Kh1 f3 18. Bxe5 Nxe5 19. Nc1 Nxc4 20. Qc2 b5 21. Nb3
Qe5 22. Bxc4 bxc4 23. Qxc4 Rf6 24. Rfd1 Rh6 25. Qc5 Qxe4 26. Qe7 Bb7 27. Rbc1
Bc6 28. Rd4 Qe2 29. Rd2 Qe5 30. Rd4 Qxg3 $3 0-1

[Event "Ukrainian Women's Championship"]
[Site "Odessa"]
[Date "2006.11.30"]
[Round "5"]
[White "Breslavska, Galina"]
[Black "Zdebskaja, Natalia"]
[Result "0-1"]
[WhiteElo "2176"]
[BlackElo "2343"]
[PlyCount "50"]
[EventDate "2006.11.26"]
[EventType "tourn"]
[EventRounds "11"]
[EventCountry "UKR"]

1. e4 c5 2. Nf3 d6 3. d4 cxd4 4. Nxd4 Nf6 5. Nc3 a6 6. f3 e5 7. Nb3 Be6 8. Be3
Nbd7 9. Qd2 h5 10. Qf2 Rc8 11. O-O-O Rxc3 12. bxc3 Qc7 13. c4 Bxc4 14. Bxc4
Qxc4 15. Qe2 Be7 16. Qd3 Qa4 17. Kb1 O-O 18. Qc3 Nb8 19. Qa5 Qc4 20. Rd3 Rc8
21. Qd2 b5 22. Kb2 d5 23. Rc3 Ba3+ 24. Kb1 Qxc3 25. Qxc3 Rxc3 0-1

[Event "Ukrainian Women's Championship"]
[Site "Odessa"]
[Date "2006.12.01"]
[Round "6"]
[White "Arutyunova, Diana"]
[Black "Zdebskaja, Natalia"]
[Result "0-1"]
[WhiteElo "2362"]
[BlackElo "2343"]
[PlyCount "70"]
[EventDate "2006.11.26"]
[EventType "tourn"]
[EventRounds "11"]
[EventCountry "UKR"]

1. e4 c6 2. d4 d5 3. Nc3 dxe4 4. Nxe4 Nd7 5. Ng5 Ngf6 6. Bc4 e6 7. Qe2 Nb6 8.
Bd3 h6 9. N5f3 c5 10. dxc5 Bxc5 11. Ne5 Nbd7 12. Ngf3 Qc7 13. O-O O-O 14. Re1
b6 15. Nxd7 Bxd7 16. Ne5 Bc6 17. c4 Bb7 18. Bf4 Rad8 19. Rad1 Rd4 20. Bg3 Ne4
21. Bb1 Nxg3 22. hxg3 Rfd8 23. Nf3 Bxf3 24. Qxf3 Rxc4 25. Rxd8+ Qxd8 26. Qd3
Qf6 27. Kh2 Rd4 28. Qe2 Rd5 29. Be4 Rd4 30. Bf3 Qd8 31. Kg1 Rd2 32. Rd1 Bxf2+
33. Kxf2 Rxe2+ 34. Kxe2 Qc7 35. g4 Qe5+ 0-1

[Event "Ukrainian Women's Championship"]
[Site "Odessa"]
[Date "2006.12.01"]
[Round "6"]
[White "Kalinina, Olga"]
[Black "Breslavska, Galina"]
[Result "1-0"]
[WhiteElo "2191"]
[BlackElo "2176"]
[PlyCount "71"]
[EventDate "2006.11.26"]
[EventType "tourn"]
[EventRounds "11"]
[EventCountry "UKR"]

1. e4 d5 2. exd5 Nf6 3. Nf3 Nxd5 4. d4 g6 5. c4 Nb6 6. h3 Bg7 7. Nc3 O-O 8. Be2
Nc6 9. Be3 e5 10. d5 Ne7 11. g4 f5 12. Qb3 e4 13. Ng5 h6 14. Ne6 Bxe6 15. dxe6
f4 16. Bc5 e3 17. Rd1 Qe8 18. f3 Nc6 19. Bxf8 Qxf8 20. h4 Qc5 21. Ne4 Qa5+ 22.
Kf1 Nd4 23. Rxd4 Bxd4 24. c5 Qa4 25. cxb6 Qxb3 26. axb3 axb6 27. Kg2 Ra2 28.
Rd1 c5 29. Nd6 Kf8 30. Nc8 Rxb2 31. e7+ Ke8 32. Kf1 Rxb3 33. Bd3 Kd7 34. Bxg6
e2+ 35. Kxe2 Re3+ 36. Kd2 1-0